• 首页
  • 本馆介绍
  • 公告通知
  • 最新文献
  • 馆藏检索
  • 电子资源
  • 读者导购
  • 参考咨询
  • 我的图书馆
  • 登录
  • 详细信息显示
  • 放入我的书架
  • 预约/预借图书
  • 作者相关作品
  • 分类相关作品
  • 丛书相关作品
  • 出版社相关作品

书目信息

  • 表格格式
  • 工作单格式
  • 卡片格式
题名:
固体中的概念 : 固体理论讲义
    
 
作者: 安德森 著
分册:  
出版信息: 北京   世界图书出版公司北京公司  2014.2
页数: 188页
开本: 23cm
丛书名:
单 册:
中图分类: O481
科图分类:
主题词: 固体理论--研究--英文
电子资源:
ISBN: 978-7-5100-7586-5
000 01050nam0 2200241 450
001 0400003614
005 20171022104118.0
010    @a978-7-5100-7586-5@dCNY39.00
100    @a20171022d2014 em y0chiy0110 ea
101 0  @aeng
102    @aCN@b110000
105    @ay z 000yy
106    @ar
200 1  @a固体中的概念 : 固体理论讲义@f(美)安德森(Anderson, P. W.)著
205    @a影印本
210    @a北京@c世界图书出版公司北京公司@d2014.2
215    @a188页@d23cm
330    @a本书是诺贝尔物理学奖获得者,凝聚态物理界的泰斗P.W.Anderson的经典著作,是固体理论方面最权威的参考书之一,作者在这个领域内作出过非常突出的贡献。书中对固体物理学中的许多基本概念作了精辟的分析,清晰的表达出各种基本原理,并使之具体化,引导读者进入这一极具挑战的领域,体现出大师著作的独特风格!目次:导论;单电子理论;元激发。读者对象:本书适合凝聚态物理专业的研究生,教师及相关专业研究人员。
606 0  @a固体理论@x研究@x英文
690    @aO481@v4
701  1 @c(美)@a安德森@bP. W.@g(Anderson, P. W.)@4著
801  0 @aCN@b91MARC@c20171022
905    @b1036351-5@dO481@f5@e61
    
    固体中的概念 : 固体理论讲义/(美)安德森(Anderson, P. W.)著.-影印本.-北京:世界图书出版公司北京公司,2014.2
    188页;23cm
    
    
    ISBN 978-7-5100-7586-5:CNY39.00
    本书是诺贝尔物理学奖获得者,凝聚态物理界的泰斗P.W.Anderson的经典著作,是固体理论方面最权威的参考书之一,作者在这个领域内作出过非常突出的贡献。书中对固体物理学中的许多基本概念作了精辟的分析,清晰的表达出各种基本原理,并使之具体化,引导读者进入这一极具挑战的领域,体现出大师著作的独特风格!目次:导论;单电子理论;元激发。读者对象:本书适合凝聚态物理专业的研究生,教师及相关专业研究人员。
●
相关链接 在E读中查询图书 在五车中查询图书 在当当中查询图书 在豆瓣中查询图书


正题名:固体中的概念 : 固体理论讲义     索取号:O481/61         预约/预借

序号 登录号 条形码 馆藏地/架位号 状态 备注
1 1036351   210363514   第二样本阅览室/ [索取号:O481/61] 在馆    
2 1036352   210363523   密集书库-生命科学系/ [索取号:O481/61] 在馆    
3 1036353   210363532   第三借阅区/ [索取号:O481/61] 在馆    
4 1036354   210363541   第三借阅区/ [索取号:O481/61] 在馆    
5 1036355   210363550   第三借阅区/ [索取号:O481/61] 在馆    
唐山师范学院图书馆 欢迎您!
大连网信软件有限公司© 版权所有